Možnosti optimalizace zásob zboží v Jm OD PRIOR Brno záverečná práca postgraduálneho štúdia

Salvato in:
Dettagli Bibliografici
Autore principale: Vrtal, Martin
Ente Autore: Vysoká škola ekonomická v Bratislave
Altri autori: Nináčová, Valéria
Natura: Libro
Lingua:ceco
Pubblicazione: Bratislava 1987
Tags: Aggiungi Tag
Nessun Tag, puoi essere il primo ad aggiungerne!!

MARC

LEADER 00000nam a2200000 4500
001 c024583
005 20230116095148.7
041 0 |a cze 
044 |a SK 
245 1 0 |a Možnosti optimalizace zásob zboží v Jm OD PRIOR Brno  |b záverečná práca postgraduálneho štúdia  |c Martin Vrtal ; Ved. práce Valéria Nináčová 
264 1 |a Bratislava  |c 1987 
300 |a 45 s. 
100 1 |a Vrtal, Martin 
700 1 |a Nináčová, Valéria 
710 2 |a Vysoká škola ekonomická v Bratislave